Spongebob Musical - BFF Stands For Us - Missing Lyrics - Statistics

General Stats
  • This quiz has been taken 35 times
  • The average score is 19 of 32
Answer Stats
Answer % Correct
I got you and you got {me}
94%
Let's have some {fun} together
75%
Let's have some {fun} together
75%
Let's have some {fun} together
75%
That's what friends are {for}
75%
We'll be best friends {forever}
75%
We'll be best {friends} forever
66%
We'll be best {friends} forever
66%
Spongebob and {Patrick}
63%
You're my best {friend} forever
63%
And you're the {reason} why
59%
BFF, that stands for {us}
59%
BFF, that stands for {us}
59%
BFF, that stands for {us}
59%
BFF, that stands for {us}
59%
That stands for {us}
59%
We'll have fun if we go out and just sit around doing {nothing}
59%
Doing it with {yoooo-ᵒᵒᵒᵒ-oooou}
56%
Every little thing that I can think to do just sounds {better} doing it together
56%
Every little thing that I can think to do just sounds {better} doing it together
56%
Floating {high} , like a bubble in the sky
56%
Feeling {good} just like I should
53%
Hey! You found my long lost {cheese}
53%
I don't need my glasses on to see that we're both pretty {lucky}
53%
Let's explore, open every {draw}
53%
Stuck inside with no {TV}
53%
This {can't} get any better
53%
We're best friends and this is the friend {dance}
53%
We're best friends and this is the friend {dance}
53%
We're best friends and this is the friend {dance}
53%
Life is sweet, there's {snacks} we can eat
44%
Being {bored} with you makes me as happy as can be
38%
No matching quizzes found
Score Distribution
Percent of People with Each Score
Percentile by Number Answered
Your Score History
You have not taken this quiz